| 000 | 01364nam a2200361 i 4500 | ||
|---|---|---|---|
| 003 | EG-ScBUE | ||
| 005 | 20230202110921.0 | ||
| 008 | 170508s2013 ko a f b 000 0 eng d | ||
| 020 | _a9788973755813 | ||
| 020 | _a9788973755783 (set) | ||
| 040 |
_aEG-ScBUE _beng _erda _cEG-ScBUE _dEG-ScBUE |
||
| 043 | _aa-ko--- | ||
| 082 | 0 | 4 |
_a776.6095195 _bHYU _222 |
| 100 | 1 |
_aHyung-suk, Kim, _eauthor. |
|
| 245 | 1 | 0 |
_aK-animation : _bbefriending children all over the world / _cwriter, Kim Hyung-suk ; translator, Richard H. Harris, Alice J. Cheong. |
| 264 | 1 |
_a[Sejong-si] : _bKorean Culture and Information Service, Ministry of Culture, Sports and Tourism, _c2013. |
|
| 300 |
_a106 pages : _bcolor illustrations ; _c20 cm |
||
| 336 |
_2rdacontent _atext _btxt |
||
| 337 |
_2rdamedia _aunmediated _bn |
||
| 338 |
_2rdacarrier _avolume _bnc |
||
| 490 | 0 |
_aKorean culture ; _vno. 11. |
|
| 504 | _aIncludes bibliographical references. | ||
| 546 | _aText in English ; translated from the original Korean. | ||
| 650 | 7 |
_aCharacters and characteristics in art. _2BUEsh |
|
| 650 | 7 |
_aComputer animation _zKorea (South) _2BUEsh |
|
| 651 | _2BUEsh | ||
| 653 |
_bGGEN _cMay2017 |
||
| 655 | _vReading book | ||
| 700 | 1 |
_aHarris, Richard H., _etranslator. |
|
| 700 | 1 |
_aCheong, Alice J. _etranslator. |
|
| 942 |
_2ddc _cBB |
||
| 999 |
_c24799 _d24771 |
||